[Event "Hastings Challengers 1988/89"]
[Site "Hastings"]
[Date "1989.01.06"]
[Round "10"]
[White "Whiteley, Andrew J"]
[Black "Gufeld, Eduard"]
[Result "1/2-1/2"]
[WhiteElo "2350"]
[BlackElo "2510"]
[PlyCount "71"]
[EventDate "1988.12.28"]
[EventType "swiss"]
[EventRounds "10"]
[EventCountry "ENG"]
[SourceTitle "BritBase"]
[Source "John Saunders"]
[SourceDate "2023.05.21"]
[SourceVersion "1"]
[SourceVersionDate "2023.05.21"]
[SourceQuality "1"]

1. d4 Nf6 2. c4 g6 3. g3 Bg7 4. Bg2 O-O 5. Nf3 d6 6. O-O c5 7. dxc5 dxc5 8. Ne5
Qc7 9. Nd3 Be6 10. Qb3 Nc6 11. Nxc5 Bg4 12. Qxb7 Qxb7 13. Nxb7 Nd4 14. Nc3
Nxe2+ 15. Nxe2 Bxe2 16. Re1 Bxc4 17. Rxe7 Nd5 18. Rd7 Nb6 19. Rd1 Be2 20. Re1
Bc4 21. Nd6 Rad8 22. Nxc4 Nxc4 23. Bg5 Bxb2 24. Rab1 Rb8 25. Re7 Bf6 26. Rxb8
Bxe7 27. Bf4 Rxb8 28. Bxb8 Bc5 29. Kf1 Kf8 30. Ke2 Ke7 31. Bd5 Nd6 32. h4 Kd7
33. g4 Kc8 34. Bxd6 Bxd6 35. Bxf7 Kd7 36. Bg8 1/2-1/2

[Event "Hastings Challengers 1988/89"]
[Site "Hastings"]
[Date "1988.12.??"]
[Round "?"]
[White "Panzer, Peter"]
[Black "Wells, Peter K"]
[Result "0-1"]
[WhiteElo "2270"]
[BlackElo "2410"]
[PlyCount "42"]
[EventDate "1988.12.28"]
[EventType "swiss"]
[EventRounds "10"]
[EventCountry "ENG"]
[SourceTitle "BritBase"]
[Source "John Saunders"]
[SourceDate "2023.05.21"]
[SourceVersion "1"]
[SourceVersionDate "2023.05.21"]
[SourceQuality "1"]

1. d4 Nf6 2. c4 e6 3. Nc3 Bb4 4. Qc2 O-O 5. a3 Bxc3+ 6. Qxc3 b6 7. f3 d5 8.
cxd5 Nxd5 9. Qc2 Qh4+ 10. g3 Qxd4 11. e4 Ne3 12. Qd3 Ng2+ 13. Kd1 Qxd3+ 14.
Bxd3 Rd8 15. Ke2 Nc6 16. Bc4 b5 17. Bxb5 Rb8 18. Bxc6 Ba6+ 19. Kf2 Rxb2+ 20.
Bxb2 Rd2+ 21. Ne2 Rxe2+ 0-1

[Event "Hastings Challengers 1988/89"]
[Site "Hastings"]
[Date "1988.12.??"]
[Round "?"]
[White "Szekely, Peter"]
[Black "Coleman, David J"]
[Result "1-0"]
[WhiteElo "2420"]
[BlackElo "2240"]
[PlyCount "85"]
[EventDate "1988.12.28"]
[EventType "swiss"]
[EventRounds "10"]
[EventCountry "ENG"]
[SourceTitle "BritBase"]
[Source "John Saunders"]
[SourceDate "2023.05.21"]
[SourceVersion "1"]
[SourceVersionDate "2023.05.21"]
[SourceQuality "1"]

1. Nf3 Nf6 2. c4 g6 3. d4 Bg7 4. g3 O-O 5. Bg2 d6 6. Nc3 Nc6 7. O-O Bf5 8. d5
Na5 9. Nd4 Bd7 10. b3 a6 11. Bb2 c5 12. dxc6 bxc6 13. Rb1 e5 14. Nc2 Be6 15.
Ba3 Ne8 16. Qd2 Qc7 17. Na4 Rd8 18. Rfd1 f5 19. Nb4 f4 20. Rf1 Bc8 21. Nc3 Rf7
22. Rbd1 Bf8 23. Ne4 Be7 24. Bb2 Qb6 25. Bc3 Nc7 26. gxf4 Rxf4 27. Nd3 Nb7 28.
Nxf4 exf4 29. Qxf4 Rf8 30. Qe3 Qxe3 31. fxe3 Bf5 32. Ng3 Bd7 33. Rxf8+ Bxf8 34.
Ne4 Be7 35. Bf6 Bf8 36. Bg5 Ne8 37. Nf6+ Nxf6 38. Bxf6 Nc5 39. Bd4 Ne6 40. Bc3
Nc7 41. Bb4 Ne8 42. e4 Nf6 43. Bxd6 1-0

[Event "Hastings Challengers 1988/89"]
[Site "Hastings"]
[Date "1988.12.??"]
[Round "?"]
[White "Upton, Ian J"]
[Black "Lewis, Andrew P"]
[Result "1-0"]
[WhiteElo "2245"]
[BlackElo "2285"]
[PlyCount "53"]
[EventDate "1988.12.28"]
[EventType "swiss"]
[EventRounds "10"]
[EventCountry "ENG"]
[SourceTitle "BritBase"]
[Source "John Saunders"]
[SourceDate "2023.05.21"]
[SourceVersion "1"]
[SourceVersionDate "2023.05.21"]
[SourceQuality "1"]

1. Nc3 c5 2. e4 e6 3. Nf3 Nc6 4. Bb5 Nd4 5. O-O Nxb5 6. Nxb5 a6 7. Nc3 b5 8. d4
cxd4 9. Qxd4 Qc7 10. Re1 f6 11. Nd5 exd5 12. exd5+ Kf7 13. Qe4 Bb7 14. a4 b4
15. c4 bxc3 16. bxc3 Nh6 17. Bxh6 gxh6 18. Qf5 Rg8 19. Ne5+ Ke7 20. Nxd7+ Kd8
21. Qxf6+ Be7 22. Rxe7 Bxd5 23. Rf7+ Kc8 24. Nb6+ Qxb6 25. Qxb6 Bxf7 26. Qc6+
Kb8 27. Rb1+ 1-0

[Event "Hastings Challengers 1988/89"]
[Site "Hastings"]
[Date "1988.12.??"]
[Round "?"]
[White "Wells, Peter K"]
[Black "Parmentier, Xavier"]
[Result "1/2-1/2"]
[WhiteElo "2410"]
[BlackElo "2235"]
[PlyCount "46"]
[EventDate "1988.12.28"]
[EventType "swiss"]
[EventRounds "10"]
[EventCountry "ENG"]
[SourceTitle "BritBase"]
[Source "John Saunders"]
[SourceDate "2023.05.21"]
[SourceVersion "1"]
[SourceVersionDate "2023.05.21"]
[SourceQuality "1"]

1. Nf3 c5 2. c4 g6 3. Nc3 Bg7 4. g3 Nf6 5. Bg2 O-O 6. d4 d6 7. O-O Nc6 8. dxc5
dxc5 9. Bf4 Be6 10. Ne5 Na5 11. Qc1 Nh5 12. Rd1 Qb6 13. Na4 Qb4 14. b3 Nxf4 15.
gxf4 Rad8 16. Qe3 Nxc4 17. Qxc5 Qxc5 18. Nxc5 Nxe5 19. fxe5 Bxe5 20. Nxb7 Rc8
21. Rac1 Bd4 22. Na5 Rxc1 23. Rxc1 Rd8 1/2-1/2